000 nam a22 7a 4500
999 _c10796
_d10796
008 180223b ||||| |||| 00| 0 eng d
100 _aTwain, M
_96637
245 _aThe Adbventures of Tom Sawyer
260 _aNew York
_bB N C Publication
_c2003